000
00315nam a2200121Ia 4500
008
220204s9999 xx 000 0 und d
082
_a
634.616
_b
WOO
100
_a
WOODROOF, Jasper Guy
245
0
_a
Coconuts: Production processing and products
260
_a
West Port
_b
Avi
_c
1970
650
_a
Coconut
942
_c
BK
999
_c
24973
_d
24973